All PACWYN 21 Card Types - Statistics

General Stats
  • This quiz has been taken 11 times
  • The average score is 26 of 66
Answer Stats
Hint Answer % Correct
98 Pelé Icons
89%
92 Kimmich TOTW
89%
87 Eriksen MOTM
78%
92 Aubameyang RTTF UEL
78%
93 Davies TOTY
78%
95 De Jong YOUNG TOTY
78%
93 Kroos Flashback
67%
90 Neville Icons Birthday
67%
87 Ziyech MOTM UCL
67%
87 Gerard Moreno MOTM UEL
67%
82 Raúl Albiol Non-rare Gold
67%
74 Curfré Non-Rare Silver
67%
81 Marcano Non-rare UCL
67%
93 Messi Rare Gold
67%
74 Evander Rare Silver
67%
92 Ronaldo Rare UCL
67%
90 Mount RTTF UCL
67%
89 Sterling TOTGS UCL
67%
85 Hernandez TOTGS UEL
67%
97 Lukaku TOTS
67%
90 Mahrez Headliners
56%
89 Pastore League Player
56%
92 Ter Stegen Player Birthday
56%
89 David Silva Record Breaker
56%
78 Acosta Sudamericana
56%
92 Thiago Ultimate Birthday
56%
89 Chiellini Freeze
44%
89 Berwijn Future Stars
44%
82 Alex Teixeira Heroes
44%
94 Saúl League SBC
44%
81 Andrada Libertadores
44%
94 Javi Martínez Limited SBC
44%
94 Ibrahimovic MOTC SBC
44%
89 Suárez Ones to Watch
44%
88 Laporte Rulebreakers
44%
92 Salah Pacwyn Champions
33%
91 Gomez Player Moments
33%
93 Lewandowski POTM Bundesliga
33%
87 Fernando POTM La Liga
33%
86 Bamba POTM Ligue 1
33%
95 Depay POTT
33%
92 Immobile RTFF Euro
33%
94 KDB/De Bruyne TOTM
33%
93 Bou Conmebol TOTGS
22%
90 Robben MOTC
22%
87 Lingard POTM EPL
22%
91 Caicedo TOTS Moments
22%
93 Mané TOTY Nominee
22%
91 Kante What If
22%
93 Van Dijk Bank Breaker
11%
93 Pirlo Free Transfer
11%
98 Beckenbauer Golden Ball
11%
98 Maradona Icons Moments
11%
99 Ronaldo Team Moments Brazil
11%
97 Charlton Team Moments England
11%
98 Lahm Team Moments Germany
11%
Objectives 91 Alisson
0%
99 Zidane Team Moments France
0%
96 Buffon Team Moments Italy
0%
96 Van Basten Team Moments Netherlands
0%
98 Xavi Team Moments Spain
0%
97 Etoo Treble Winner Barcelona
0%
96 Neuer Treble Winner Bayern Munich
0%
97 Zanetti Treble Winner Inter
0%
95 Scholes Treble Winner Man United
0%
91 Upamecano Young TOTY Nominees
0%
No matching quizzes found
Score Distribution
Percent of People with Each Score
Percentile by Number Answered
Your Score History
You have not taken this quiz